Statistics for Star Wars: Episode IV A New Hope A-Z

Click here to take the quiz!

General Stats

  • This quiz has been taken 27 times
  • The average score is 20 of 25

Answer Stats

LetterHintAnswer% Correct
CMember of the wookiee speciesChewbacca
100%
FUse the...Force
100%
LFarm boy protagonistLuke Skywalker
100%
OOld hermit who goes by BenObi-Wan Kenobi
100%
VDarth...Vader
100%
APlanet that gets blown upAlderaan
96%
HNo, he shot firstHan Solo
96%
PTitle of Leia Organa{Princess} Leia
96%
RMost famous astromech droidR2-D2
96%
DThat's no moonDeath Star
92%
TDesert planet where it all beginsTatooine
92%
XStarfighter our hero fliesX-wing
92%
GHe shot firstGreedo
88%
JSmall aliens who sell droidsJawa
85%
MStarship piloted by a pare of smugglersMillennium Falcon
85%
SElite soldiers of the empireStormtrooper
85%
UParental caretaker of the protagonist{Uncle} Owen
85%
YMoon that is home to the secret rebel baseYavin 4
81%
BStarfighter pilot who is friends with the farm boyBiggs Darklighter
69%
WGrand Moff of the Galactic EmpireWilhuff Tarkin
69%
ICapital ships of the Galactic Empire{Imperial}-class Star Destroyer
62%
EWeapon used by imperial soldiersE-11 Blaster Rifle
38%
KSkeleton of a giant desert creature is a member of this speciesKrayt Dragon
35%
QAlien species seen in the Mos Eisley Cantina, her name is Leesub SirlnQiraash
12%
NTawss Khaa is seen in the Mos Eisley Cantina and is a member of this speciesNimbanel
8%

Score Distribution

Percentile by Number Answered

Percent of People with Each Score

Your Score History

You have not taken this quiz